Alexander Nero

wave2: trimming membership codes 9655377758gp


Categories

Literature - British Literature040040125135.7511
Geography020220131132.0000
Beliefs020120116137.0001
History - Other History0100108989.0011
Fine Arts - Classical Music and Opera010110171171.0000
History - European History010010106106.0011
Literature - European Literature010010106106.0001
Philosophy000000.0000
History - US History000000.0000

Buzzes

History - Other Historyamphoras1089
Literature - European LiteratureHelen10106
History - European History18th century10106
Beliefswreaths10116
Literature - British Literaturecrowns10125
Literature - British LiteratureCharles Lamb10127
GeographyLake District10131
GeographyVanuatu10133
Literature - British LiteratureRasselas10133
History - US HistorySamuel Chase0133